[Event "BUL-ch U20"]
[Site "Pleven"]
[Date "2004.02.09"]
[Round "8"]
[White "Vassilev, Plamen"]
[Black "Nachkov, Emil"]
[Result "1-0"]
[WhiteElo "1955"]
[BlackElo "1845"]
[PlyCount "73"]
[EventDate "2004.02.10"]
[EventType "swiss"]
[EventRounds "9"]
[EventCountry "BUL"]
[SourceTitle "EXT 2005"]
[Source "ChessBase"]
[SourceDate "2004.11.15"]
[SourceVersion "1"]
[SourceVersionDate "2004.11.15"]
[SourceQuality "1"]

1. d4 d5 2. Nf3 Nf6 3. c4 e6 4. Nc3 Nbd7 5. Bg5 Be7 6. e3 c6 7. Qc2 0-0 8. cxd5 exd5 9. Bd3 Re8 10. h3 Nf8 11. 0-0 Ne4 12. Bf4 f5 13. Rab1 Ng6 14. Bh2 Bd6 15. Bxd6 Qxd6 16. b4 b5 17. Rfe1 Qf6 18. Ne2 Bd7 19. Nf4 Nd6 20. Nxg6 Qxg6 21. Ne5 Qe6 22. Rbc1 Rf8 23. Nxd7 Qxd7 24. Qxc6 Qxc6 25. Rxc6 Nc4 26. Rc5 a5 27. Bxc4 bxc4 28. bxa5 Rfd8 29. Rb1 Rac8 30. Kf1 f4 31. Ke2 fxe3 32. fxe3 Kf8 33. a6 Ke7 34. Rb7+ Kf6 35. a7 Ra8 36. Rc6+ Kf5 37. Rf7+ 1-0

[Event "BUL-ch U20"]
[Site "Pleven"]
[Date "2004.02.08"]
[Round "6"]
[White "Markaryan, Garo"]
[Black "Nachkov, Emil"]
[Result "0-1"]
[WhiteElo "1925"]
[BlackElo "1845"]
[PlyCount "80"]
[EventDate "2004.02.10"]
[EventType "swiss"]
[EventRounds "9"]
[EventCountry "BUL"]
[SourceTitle "EXT 2005"]
[Source "ChessBase"]
[SourceDate "2004.11.15"]
[SourceVersion "1"]
[SourceVersionDate "2004.11.15"]
[SourceQuality "1"]

1. d4 d5 2. c4 e6 3. Nc3 Nf6 4. Bg5 Nbd7 5. cxd5 exd5 6. e3 Be7 7. Bd3 c6 8. Qc2 0-0 9. Nge2 Re8 10. 0-0 Nf8 11. Ng3 h6 12. Bxf6 Bxf6 13. b4 Ne6 14. Rac1 a6 15. Na4 b5 16. Nc5 Qe7 17. a4 Nd8 18. a5 Nb7 19. Nf5 Qc7 20. Nxb7 Bxb7 21. Qc5 Red8 22. Rc2 h5 23. Ng3 g6 24. Ne2 Be7 25. Qc3 Bd6 26. g3 Qe7 27. Rb1 h4 28. Nc1 hxg3 29. hxg3 Kg7 30. Bf1 Rh8 31. Nd3 Rh6 32. Bg2 Rah8 33. Rbc1 Rh2 34. Kf1 Bc8 35. Qd2 Bh3 36. Bxh3 R2xh3 37. f4 Bxf4 38. gxf4 Qe4 39. Ke2 Qf3+ 40. Ke1 Rh1# 0-1

[Event "BUL-ch U20"]
[Site "Pleven"]
[Date "2004.02.04"]
[Round "1"]
[White "Nachkov, Emil"]
[Black "Raeva, Elitsa"]
[Result "0-1"]
[WhiteElo "1845"]
[BlackElo "2170"]
[PlyCount "72"]
[EventDate "2004.02.10"]
[EventType "swiss"]
[EventRounds "9"]
[EventCountry "BUL"]
[SourceTitle "EXT 2005"]
[Source "ChessBase"]
[SourceDate "2004.11.15"]
[SourceVersion "1"]
[SourceVersionDate "2004.11.15"]
[SourceQuality "1"]

1. e4 c5 2. Nf3 Nc6 3. d4 cxd4 4. Nxd4 g6 5. Nc3 Bg7 6. Be3 Nf6 7. Bd3 0-0 8. 0-0 d5 9. exd5 Nxd5 10. Nxd5 Nxd4 11. Bc4 e5 12. c3 b5 13. cxd4 bxc4 14. dxe5 Bxe5 15. Nc3 Bf5 16. Qxd8 Rfxd8 17. Rad1 Bd3 18. Rfe1 Bg7 19. Bf4 Re8 20. h3 a5 21. Rxe8+ Rxe8 22. Rd2 Re1+ 23. Kh2 Ra1 24. Bc7 a4 25. Bd6 f5 26. a3 Bd4 27. Nxa4 Rf1 28. Bc5 Be5+ 29. g3 Be4 30. f3 Bxf3 31. Bg1 f4 32. g4 Bc6 33. Re2 Bb8 34. Rf2 f3+ 35. Kh1 Rxf2 36. Bxf2 Bxa4 0-1